|
|
|
|
| LEADER |
00872nam a2200217 a 4500 |
| 008 |
090916s1972 nyu b 001 0 eng d |
| 040 |
|
|
|a DLC
|c CarP
|d DLC
|
| 020 |
|
|
|a 0679300546
|
| 082 |
0 |
0 |
|a 158
|2 18
|
| 100 |
1 |
|
|a Havighurst, Robert James.
|
| 245 |
0 |
0 |
|a Development tasks and education /
|c Robert James Havighurst.
|
| 250 |
|
|
|a 3rd ed.
|
| 260 |
|
|
|a New york :
|b David McKay Company, Inc.,
|c 1972.
|
| 300 |
|
|
|a vii, 119 p. ;
|c 20 cm.
|
| 504 |
|
|
|a Includes bibliographical references and index.
|
| 541 |
1 |
|
|e 00002321
|
| 650 |
|
0 |
|a Psychology, Applied.
|
| 710 |
2 |
|
|a Committee on Human Development.
|
| 852 |
4 |
|
|a Ayesha Abed Library
|j General shelf
|
| 999 |
|
|
|c 4061
|d 4061
|
| 952 |
|
|
|0 0
|1 0
|2 ddc
|4 0
|6 158_HAV_197600000000000
|7 0
|9 3739
|a BRACUL
|b BRACUL
|c GEN
|d 2009-10-03
|g 0.00
|l 3
|m 32
|o 158 HAV
|p 3010002321
|r 2022-04-05
|s 2019-09-19
|t 1
|w 2009-10-03
|y BK
|x No price found in the accession register.
|